Biggest Military Expenditure per Capita - Statistics

General Stats
  • This quiz has been taken 422 times
    397 since last reset
  • The average score is 11 of 19
Answer Stats
Figures (in USD) Answer % Correct
2351.1 United States
98%
872.6 United Kingdom
87%
808.1 France
80%
2507.6 Israel
78%
892.1 South Korea
73%
1652.2 Saudi Arabia
72%
1079.9 Australia
66%
2469.6 United Arab Emirates
65%
1011.0 Qatar
60%
825.6 Bahrain
57%
1625.3 Kuwait
56%
1317.8 Oman
56%
1855.5 Singapore
51%
1312.0 Norway
49%
734.1 Netherlands
47%
737.7 Finland
45%
855.2 Denmark
39%
782.0 Luxembourg
29%
997.9 Brunei
22%
No matching quizzes found
Score Distribution
Percent of People with Each Score
Percentile by Number Answered
Your Score History
You have not taken this quiz since the last reset